LEADER 01142nam a2200289 u 4500 001 000000037474 003 CaOOAMICUS 005 20070226113753.0 008 980407s1991 it u000 u ita u 020 $a8834800818 035 $a10789498 040 $aPUL(R)$bita 100 1 $aFioravanti, Maurizio.$0(OLS)http://pul/name/26567 245 10$aAppunti di storia delle costituzioni moderne /$cMaurizio Fioravanti. 260 $aTorino :$bGiappichelli,$c1991. 300 $av. : ;$c24 cm 500 $aLitografato. 504 $aBibliografia p. 165. 505 1 $av. 1. Le libertà: presupposti culturali e modelli storici -- 650 4$aDiritto costituzionale.$0(OLS)http://pul/subject/1174 850 $aPUL 852 $aPUL$W1$xSL Diritto e Scienze Sociali 1$y4$m175 A 66$j51176$nBK-PRI$b $qStampati$B51176$CPULBib$Z2$F51176 $H $81 941 1 $a8 961 $aINV: 70187 996 $6020$a8834800818$9(OLS)http://pul/number/46863 996 $6245$aAppunti di storia delle costituzioni moderne$9(OLS)http://pul/title/51018 996 $6260$aTorino :$bGiappichelli$9(OLS)http://pul/publisher/48244 LEADER 02816nam a2200421 a 4500 001 000000090886 003 CaOOAMICUS 005 20150504094728.0 008 051222m19539999sz u000 u fre r 035 $a11073605 040 $aPUL(R)$bita 110 2 $aPapi (1939-1958 : Pius PP. XII).$0(OLS)http://pul/name/3722 245 10$aDocuments pontificaux de sa sainteté Pie XII /$créunis et présentés par R. Kothen. 260 $aSaint-Maurice, Suisse :$bEditions de l'oeuvre Saint-Augustin ;$aParis :$bEditions Labergerie$g1953- 300 $av. ;$c22 cm 500 $aContengono indici. 504 $aBibliografia in nota. 505 1 $aV. 1. 1950. -- v. 2. 1951. -- v. 3. 1952. -- v. 4. 1953. -- v. 5. 1954. -- v. 6. 1955 / réunis et présentés par Mgr. Simon Delacroix. -- v. 7. 1956. -- v. 8. 1957. -- v. 9. 1958. 610 24$aPapi (1939-1958 : Pius PP. XII)$xDocumenti e corrispondenza.$0(OLS)http://pul/subject/17765 700 1 $aKothen, Robert.$0(OLS)http://pul/name/15060 700 1 $aDelacroix, Simon.$0(OLS)http://pul/name/91974 850 $aPUL 852 $aPUL$W1$xDP1 Fondo Pastorale$y55$mP19 G 31$j114606$nBK-PRI$av. 1$qFondi$B114606$CPULBib$Z2$F114606 $81 852 $aPUL$W1$xDP1 Fondo Pastorale$y55$mP19 G 31.2$j165168$av. 2$qFondi$B165433$CPULBib$Z2$F165433 $H125668 $82 852 $aPUL$W1$xDP1 Fondo Pastorale$y55$mP19 G 31.3$j165169$av. 3$qFondi$B165434$CPULBib$Z2$F165434 $H125669 $82 852 $aPUL$W1$xDP1 Fondo Pastorale$y55$mP19 G 31.4$j165170$av. 4$qFondi$B165435$CPULBib$Z2$F165435 $H125670 $82 852 $aPUL$W1$xDP1 Fondo Pastorale$y55$mP19 G 31.5$j165171$av. 5$qFondi$B165436$CPULBib$Z2$F165436 $H125671 $82 852 $aPUL$W1$xDP1 Fondo Pastorale$y55$mP19 G 31.6$j165172$av. 6$qFondi$B165437$CPULBib$Z2$F165437 $H125672 $82 852 $aPUL$W1$xDP1 Fondo Pastorale$y55$mP19 G 31.7$j165173$av. 7$qFondi$B165438$CPULBib$Z2$F165438 $H125673 $82 852 $aPUL$W1$xDP1 Fondo Pastorale$y55$mP19 G 31.8$j165174$av. 8$qFondi$B165439$CPULBib$Z2$F165439 $H125674 $82 852 $aPUL$W1$xDP1 Fondo Pastorale$y55$mP19 G 31.9$j165175$av. 9$qFondi$B165440$CPULBib$Z2$F165440 $H125675 $82 900 $aPius PP.$bXII,$d1876-1958$93722 900 $aPius PP.$bXII,$d1876-1958$93722 941 1 $a1 996 $6245$aDocuments pontificaux de sa sainteté Pie XII$9(OLS)http://pul/title/117357 996 $6260$aSaint-Maurice, Suisse :$bEditions de l'oeuvre Saint-Augustin$9(OLS)http://pul/publisher/78616 996 $6260$aParis :$bEditions Labergerie$9(OLS)http://pul/publisher/76554 LEADER 00927naa a2200229 u 4500 001 000000093591 003 CaOOAMICUS 005 20070226130134.0 008 010710s1960 fr u000 u eng u 035 $a10896927 040 $aPUL(R)$bita 100 1 $aPhilip, Allan,$d1927-$0(OLS)http://pul/name/60211 245 14$aThe scandinavian conventions on private international law /$cby Allan Philip. 260 $a[S. l. :$bs. n.],$c1960. 300 $aP. [241-348] 504 $aBibliografia in nota. 650 4$aDiritto internazionale privato$zSvezia.$0(OLS)http://pul/subject/30072 650 4$aDiritto internazionale privato$zNorvegia.$0(OLS)http://pul/subject/30073 773 0 $tRecueil des cours$gv.I (1959) 773 0 $tRecueil des cours 1959$w()60039 996 $6245$aThe scandinavian conventions on private international law$9(OLS)http://pul/title/120454 996 $6260$a[S. l. :$bs. n.]$9(OLS)http://pul/publisher/47882